Devinez le Pays Mystère #13 - Statistiques

Statistiques générales
  • Ce quiz a été pris 1 401 fois
  • Le résultat moyen est 13 sur 15
Statistiques - réponses
Type de Réponse Réponse % Correct
Lettre Trouvée E
100%
Lettre Bien Placée E
99%
Lettre Trouvée I
97%
Lettre Trouvée N
95%
Lettre Bien Placée I
93%
Lettre Trouvée E
92%
Lettre Trouvée O
90%
Lettre Trouvée S
88%
Lettre Trouvée T
84%
Lettre Bien Placée N
82%
Lettre Bien Placée O
79%
Lettre Bien Placée E
78%
Lettre Bien Placée S
78%
Lettre Bien Placée T
76%
Pays Mystère Estonie
75%
Aucun quiz correspondant
Distribution des résultats
% des personnes avec chaque résultat
Percentile par nombre de réponses
Votre historique - résultats
Vous n’avez pas pris ce quiz